Quyền con người trong lĩnh vực tư pháp hình sự : Sách chuyên khảo

Khái niệm, đặc điểm quyền con người trong lĩnh vực tư pháp hình sự; Quyền con người thể hiện trong quy định về tội phạm và hình phạt của luật hình sự; Quyền con người trong pháp luật tố tụng hình sự; Quyền con người trong pháp luật th...

وصف كامل

محفوظ في:
التفاصيل البيبلوغرافية
المؤلف الرئيسي: Nguyễn, Ngọc Chí
التنسيق: كتاب
اللغة:Undetermined
منشور في: Hà Nội Nxb. Hồng Đức 2015
الموضوعات:
الوسوم: إضافة وسم
لا توجد وسوم, كن أول من يضع وسما على هذه التسجيلة!
Thư viện lưu trữ: Trung tâm Học liệu Trường Đại học Cần Thơ
LEADER 01140nam a2200217Ia 4500
001 CTU_224708
008 210402s9999 xx 000 0 und d
020 |c 96000 
082 |a 342.597085 
082 |b Ch300 
100 |a Nguyễn, Ngọc Chí 
245 0 |a Quyền con người trong lĩnh vực tư pháp hình sự : 
245 0 |b Sách chuyên khảo 
245 0 |c Nguyễn Ngọc Chí (Chủ biên) 
260 |a Hà Nội 
260 |b Nxb. Hồng Đức 
260 |c 2015 
520 |a Khái niệm, đặc điểm quyền con người trong lĩnh vực tư pháp hình sự; Quyền con người thể hiện trong quy định về tội phạm và hình phạt của luật hình sự; Quyền con người trong pháp luật tố tụng hình sự; Quyền con người trong pháp luật thi hành án hình sự; Bảo đảm quyền con người trong lĩnh vực tư pháp hình sự. 
650 |a Human rights,Nhân quyền 
910 |b nthai 
980 |a Trung tâm Học liệu Trường Đại học Cần Thơ